Responses for Show #3897 - Tuesday, July 10, 2001

Contestants

[<< previous game]

Kelly Suber, a client services consultant from Lexington, Massachusetts

Michael Hall, a graduate student originally from Irwin, Pennsylvania

Pat Phillips, an administrative assistant from Brea, California (whose 3-day cash winnings total $15,302)

[next game >>]

Jeopardy! Round responses

WORLD CAPITALS
HIT SONGS
AMERICAN HISTORY
GRAPE JAM
CHRISTIAN NAMES
DOUBLE "E"
    $100 11
Madrid

Pat
    $100 21
Deep Purple

Triple Stumper
    $100 6
John Brown

Kelly
    $100 26
the fox

Michael
    $100 16
Martin

Pat
    $100 1
glee

Kelly
    $200 12
Seoul

Michael
    $200 22
Moonlighting

Pat
    $200 7
(Alex: They still do it, they tell me!)

income

Michael
    $200 27
Fruit of the Loom

Pat
    $200 17
(Michael: What is Philip?)
...
(Alex: Philip's her husband.)

Andrew

PatMichael
    $200 2
wheeze

Kelly
    $300 13
Rome

Pat
    $300 23
Earth, Wind & Fire

Kelly
    $300 8
Brown v. Board of Education

Pat
    $300 28
"Peel me a grape!"

Michael
    $300 18
Mother Teresa

Pat
    $300 3
sweeps

Pat
    $400 14
Baghdad

Michael
    $400 24
The Pretenders

Triple Stumper
    $400 9
Midway

Pat
    $400 29
Thomas B. Welch

Pat
    $400 19
Oral Roberts

Michael
    $400 4
eerie

Kelly
    $500 15
Quito

Michael
    $500 25
the Starland Vocal Band

Kelly
    $500 10
George Washington

Pat
    $500 30
(Pat: [No response])

The Grapes of Wrath

Pat
    $500 20
Simon

Michael
    $500 5
steed

Michael

Scores at the first commercial break (after clue 15):

Pat Michael Kelly
$1,900 $1,800 $800

Scores at the end of the Jeopardy! Round:

Pat Michael Kelly
$2,800 $2,900 $1,600

Double Jeopardy! Round responses

OPERA
ART SUPPLIES
DIRECTORS
8-LETTER WORDS
GEOLOGY
PEOPLE EAT THAT?
    $200 21
Queen

Pat
    $200 7
tracing paper

Kelly
    $200 2
Steven Spielberg

Michael
    $200 1
clueless

Michael
    $200 26
Spain

Pat
    $200 12
(Alex: [Glaring into the camera] I don't write em', leave me alone!)

tongue

Triple Stumper
    $400 22
(Pat: Who is Puccini?)

Gioachino Rossini

PatKelly
    $400 8
(Kelly: What is a sketch pad?)

a sketch book

Kelly
Triple Stumper
    $400 3
(Michael: Who was Ethan Coen?)
...
(Alex: He produced the movie.)

Joel Coen

PatMichael
    $400 17
a cardigan

Pat
    $400 27
rivers

Michael
    $400 13
sweetbread

Pat
    $600 23
W.A. Mozart

Michael
    $600 9
X-Acto Knife

Kelly
    $600 4
(Pat: [*].)
(Michael: Who is [*]?)
...
(Alex: Pat made a critical error there!)

Peter Bogdanovich

PatMichael
    $600 18
mahogany

Kelly
    $600 28
quartz

Kelly
    $1,500 14
tripe

Pat
    $800 24
Giuseppe Verdi

Michael
    $800 10
Bristol board

Triple Stumper
    $800 5
Robert Duvall

Michael
    $800 19
epidural

Kelly
    $800 29
Pliny

Michael
    $800 15
(Pat: What are the legs?)
(Alex: Nooo... can't accept it.)
(Michael: What are hocks?)

the feet

PatMichaelKelly
    $1,500 25
(Alex: Less than a minute to go.)

G.F. Handel

Michael
    $1000 11
gesso

Triple Stumper
    $1000 6
Tim Robbins

Michael
    $1000 20
a covalent bond

Triple Stumper
    $1000 30
(Michael: Who is Moore?)

Frederich Mohs

Michael
Triple Stumper
    $1000 16
the liver

Kelly

Scores at the end of the Double Jeopardy! Round:

Pat Michael Kelly
$4,100 $7,600 $6,200

[wagering suggestions for these scores]

Final Jeopardy! Round responses

ORGANIZATIONS
PatWhat is Habitat For Humanity?
$4,099
KellyWhat is the YMCA?
$6,000
MichaelWhat is Habitat For Humanity?
$5,000
Habitat For Humanity

Final scores:

Pat Michael Kelly
$8,199 $12,600 $200
2nd place: a Forever Resorts Northern California houseboat vacation New champion: $12,600 3rd place: Pinseeker golf clubs

Game dynamics:

Coryat scores:

Pat Michael Kelly
$3,700 $7,100 $6,200
18 R
(including 1 DD),
4 W
(including 1 DD)
19 R
(including 1 DD),
4 W
14 R,
1 W

Combined Coryat: $17,000

[game clues] [game scores] [suggest correction]

Game tape date: 2001-03-21
The J! Archive is created by fans, for fans. Scraping, republication, monetization, and malicious use prohibited; this site may use cookies and collect identifying information. See terms. The Jeopardy! game show and all elements thereof, including but not limited to copyright and trademark thereto, are the property of Jeopardy Productions, Inc. and are protected under law. This website is not affiliated with, sponsored by, or operated by Jeopardy Productions, Inc. Join the discussion at JBoard.tv.